000
00412nam a2200145Ia 4500
008
100122s9999 xx 000 0 und d
082
_b
47628
_a
823
100
_a
चांदोरकर नीला
245
_a
जीवनदाता
260
_b
आरती प्रकाशन
_c
1992
300
_a
219
630
_a
जीवनदाता
730
_a
जीवनदाता
942
_c
BOOK
999
_c
426402
_d
426399